00577nam a2200157Ia 4500008004100000020001800041050002000059100001600079245012900095250000600224260002900230300002000259500004600279650005100325700004300376120720s9999 xx 000 0 und d a968-880-469-X aQA76.5 L61 1995 aLong, Larry aIntroducción a las computadoras y al procesamiento de información / Larry Long; traducción José Julian Díaz Díaz a4 aMéxico : Prentice Hall a552 p. / 25 cm. aApendice alfabetico a partir de la p. 223 aComputadoras - electónica 2. Bases de datos aDíaz Díaz, José Julián. tr.Ì